राष्ट्रीय एवं अंतर्राष्ट्रीय दिवस/ (Record no. 202545)
[ view plain ]
| 000 -LEADER | |
|---|---|
| fixed length control field | 00875nam a22001937a 4500 |
| 005 - DATE AND TIME OF LATEST TRANSACTION | |
| control field | 20240502131314.0 |
| 010 ## - LCCN (DPL NO) | |
| LC control number | HIN-127458 |
| 020 ## - INTERNATIONAL STANDARD BOOK NUMBER | |
| Terms of availability | 895.00 |
| International Standard Book Number | 9788195064502 |
| 035 ## - SYSTEM CONTROL NUMBER | |
| System control number | HN-99804 |
| 037 ## - SOURCE OF ACQUISITION | |
| Source of stock number/acquisition | DBAD |
| 082 ## - DEWEY DECIMAL CLASSIFICATION NUMBER | |
| Classification number | 341.23 |
| 100 ## - MAIN ENTRY--PERSONAL NAME | |
| Personal name | मिश्र, श्याम नारायण |
| 245 ## - TITLE STATEMENT | |
| Title | राष्ट्रीय एवं अंतर्राष्ट्रीय दिवस/ |
| Statement of responsibility, etc | श्याम नारायण मिश्र |
| 250 ## - EDITION STATEMENT | |
| Edition statement | प्रथम |
| 260 ## - PUBLICATION, DISTRIBUTION, ETC. (IMPRINT) | |
| Place of publication, distribution, etc | राज्स्थान |
| Name of publisher, distributor, etc | श्वेता बुक एजेंसी |
| Date of publication, distribution, etc | 2022 |
| 270 ## - ADDRESS | |
| Address | 83, शिव कालोनी , राजगढ़ रोड |
| City | पिलानी (राजस्थान) |
| Postal code | 333031 |
| 300 ## - PHYSICAL DESCRIPTION | |
| Extent | 304पृ. |
| Dimensions | 22सेमी (सजिल्द) |
| 942 ## - ADDED ENTRY ELEMENTS (KOHA) | |
| Item type | Hindi Books |
| Source of classification or shelving scheme | Dewey Decimal Classification |
| Classification part | 341.23 |
| Call number suffix | मिश्रश्या |
| Withdrawn status | Lost status | Not for loan | Collection code | Home library | Current library | Date acquired | Source of acquisition | Cost, normal purchase price | Full call number | Barcode | Copy number | Cost, replacement price | Koha item type |
|---|---|---|---|---|---|---|---|---|---|---|---|---|---|
| Non-fiction | Ashok Vihar | Ashok Vihar | 02/05/2024 | DBAD | 895.00 | 341.23 मिश्रश्या | HN-99804 | 1 | 895.00 | Hindi Books |
